000 00567nam a2200181 4500
001 126563
003 ES-MaACL
005 20230906192836.0
007 t|
008 070214s1970 sp r ||||1| spa d
111 2 _aReunion Nacional de Hepatología (
_cMadrid (
_d1967) (
_n. 1ª)
_9219294
245 1 0 _aActas de la 1ª Reunión Nacional de Hepatología.
260 _aMadrid :
_bUniversidad. Hospital Clínico,
_c1970.
300 _a186 p. :
_bil. ;
_c27 cm.
710 2 _aHospital Clínico.
_94591
852 _aES-MaACL
_jC-37299
_bR.73787
999 _c126563
_d126563